000 01123cam a22003137a 4500
001 14795807
003 OSt
005 20230908132254.0
008 070404s2007 enka b 001 0 eng d
010 _a 2007405162
015 _aGBA684050
_2bnb
016 7 _a013567826
_2Uk
020 _a0854042733 (hard)
020 _a9780854042739 (hard)
035 _a(OCoLC)ocm72150096
040 _aUKM
_cUKM
_dBWKUK
_dYDXCP
_dBAKER
_dDLC
042 _alccopycat
050 0 0 _aTR210
_b.R64 2007
082 0 4 _a771
_bROG/C
100 1 _aRogers, David
_99453
245 1 4 _aThe chemistry of photography :
_bfrom classical to digital technologies /
_cDavid Rogers.
260 _aCambridge, UK :
_bRoyal Society of Chemistry,
_cc2007.
300 _aix, 232 p. :
_bill. (some col.) ;
_c24 cm.
504 _aIncludes bibliographical references (p. 228-229) and index.
650 0 _aPhotographic chemistry.
906 _a7
_bcbc
_ccopycat
_d2
_encip
_f20
_gy-gencatlg
942 _2ddc
_cBK
_h771
_iROG/C
_k771
_mROG/C
999 _c42160
_d42160